000 00648nam a2200205Ia 4500
003 GCL
008 140319s9999 xx 000 0 eng d
040 _aGCL /
_cGCL
082 0 4 _a492.7
_bS L
100 1 _aSAVORY, ROGER M
245 1 0 _aLOGOS ISLAMIKOS: STUDIA ISLAMICA IN HONOREN GEORGII MICHAELIS WICKENS /
_cSAVORY, ROGER M
700 1 _aAGIUS, DIONISIUS A
260 _a[S.N] :
_bPONTIFICAL INSTITUTE OF MEDIAEVAL STUDIE ،
_c1984
300 _a351 P
650 0 4 _aWICKENS, G.M - 1918
650 0 4 _aARABIC PHILOSOPHY - LECTURES
650 0 4 _aPERSIAN PHILOLOGY - LECTURES
650 0 4 _aCIVILIZATION ISLAMIC - LECTURE
942 _2ddc
_cBK
999 _c14234
_d14234